| 000 | 00508nam a22001817a 4500 | ||
|---|---|---|---|
| 003 | OSt | ||
| 005 | 20140310182832.0 | ||
| 008 | 130603t xxu||||| |||| 00| 0 eng d | ||
| 050 |
_aBX 2347 _b.B423 1994 |
||
| 082 |
_aM 266.2 _bB39 1994 |
||
| 245 |
_aFrontier of the heart : _bthe search for heroes in Appalachia |
||
| 260 |
_aLancaster, KY : _bChristian Appalachian Project, _c1994. |
||
| 521 | _acollege students | ||
| 526 | _c1210L-1700L | ||
| 541 | _j1 | ||
| 562 | _e1 | ||
| 942 |
_2lcc _cBK _kM |
||
| 999 |
_c16660 _d16660 |
||